Statistics for All Civilizations of AGE OF EMPIRES II (NEW 2O23)

Click here to take the quiz!

General Stats

  • This quiz has been taken 829 times
    (137 since last reset)
  • The average score is 26 of 44

Answer Stats

ExtensionCivilization% Correct
Age of KingsChinese
85%
Age of KingsJapanese
81%
The ConquerorsAztecs
80%
The ConquerorsSpanish
79%
Age of KingsMongols
76%
Age of KingsFranks
75%
The African KingdomsPortuguese
75%
The ConquerorsMayans
72%
Age of KingsVikings
72%
Age of KingsCelts
71%
The ForgottenHindustanis
71%
Dawn of the DukesPoles
68%
Age of KingsPersians
65%
Age of KingsTurks
65%
The ForgottenIncas
64%
The ForgottenItalians
64%
Age of KingsByzantines
62%
Rise of the RajasVietnamese
62%
Age of KingsBritons
61%
The ConquerorsKoreans
59%
The African KingdomsEthiopians
58%
Age of KingsGoths
58%
The ConquerorsHuns
58%
Age of KingsTeutons
58%
The Last KhansLithuanians
57%
Rise of the RajasMalay
57%
The ForgottenSlavs
56%
The Mountain RoyalsArmenians
55%
Rise of the RajasKhmer
54%
The African KingdomsMalians
53%
The African KingdomsBerbers
52%
The Mountain RoyalsGeorgians
52%
Lords of the WestBurgundians
48%
Dynasties of IndiaBengalis
46%
Rise of the RajasBurmese
46%
Lords of the WestSicilians
46%
The Last KhansBulgars
44%
The ForgottenMagyars
44%
Age of KingsSaracens
44%
Dawn of the DukesBohemians
43%
Dynasties of IndiaDravidians
43%
The Last KhansTatars
42%
The Last KhansCumans
40%
Dynasties of IndiaGurjaras
33%

Score Distribution

Percentile by Number Answered

Percent of People with Each Score

Your Score History

You have not taken this quiz since the last reset